Koncentrácia a špecializácia výroby na SŠM Lučenec záverečná práca postgraduálneho štúdia

Na minha lista:
Detalhes bibliográficos
Autor principal: Kokavec, Ján
Autor Corporativo: Vysoká škola ekonomická v Bratislave
Outros Autores: Fišera, Štefan
Formato: Livro
Idioma:eslovaco
Publicado em: Bratislava 1987
Tags: Adicionar Tag
Sem tags, seja o primeiro a adicionar uma tag!

MARC

LEADER 00000nam a2200000 4500
001 c026796
005 20221219094629.6
041 0 |a slo 
044 |a SK 
245 1 0 |a Koncentrácia a špecializácia výroby na SŠM Lučenec  |b záverečná práca postgraduálneho štúdia  |c Ján Kokavec ; Ved. práce Štefan Fišera 
264 1 |a Bratislava  |c 1987 
300 |a 54 s. 
100 1 |a Kokavec, Ján 
700 1 |a Fišera, Štefan 
710 2 |a Vysoká škola ekonomická v Bratislave